000 00624nam a22002411i 4500
001 01192380
003 DO-SdBNP
005 20180205134708.0
008 930725s1979 cu spa
016 7 _a
_z
_2BPMSU
035 _a
040 _aBPMSU
_bspa
_cBPMSU
080 0 _a
100 1 _aMistral, Gabriela
_d1889-1957
245 1 0 _aRondas y cuentos /
_h
_cGabriela Mistral
260 _aLa Habana :
_bArte y Literatura,
_c1979
300 _a36 p.:
_c18 cm
490 0 _a "Caracol" Poesía
830 _a "Caracol" Poesía
942 _2ddc
_cBK
945 _aInventariado, 2018/ YL
956 _adgarcia
999 _c9794
_d9794